000 00469nam a2200169Ia 4500
999 _c13689
_d13689
003 OSt
005 20201027094150.0
008 190216s9999||||xx |||||||||||||| ||und||
040 _coclc
082 _a808.8
_bCAN/G
100 _aCanning, John
_93387
245 0 _a100 Great Books /
_cJohn Canning
260 _bRupa & Co,
_c1993.
_aNew Delhi:
300 _a640p
650 _aEnglish Literature
942 _cBK
_2ddc
_h808.8
_iCAN/G
_k808.8
_mCAN/G